Logistica: administracion de la cadena de suministro/ (Registro nro. 9139)
[ vista simple ]
| 000 -LEADER | |
|---|---|
| fixed length control field | 01737nam a2200217Ia 4500 |
| 005 - FECHA Y HORA DE LA ÚLTIMA TRANSACCIÓN | |
| control field | 20230906092013.0 |
| 008 - FIXED-LENGTH DATA ELEMENTS--GENERAL INFORMATION | |
| fixed length control field | 230903s9999 xx 000 0 und d |
| 020 ## - INTERNATIONAL STANDARD BOOK NUMBER | |
| International Standard Book Number | 9702605407 |
| 040 ## - CATALOGING SOURCE | |
| Original cataloging agency | UPAN |
| Transcribing agency | Biblioteca San Vicente |
| Description conventions | RCAA2 |
| 041 ## - LANGUAGE CODE | |
| Language code of text/sound track or separate title | spa |
| 082 ## - DEWEY DECIMAL CLASSIFICATION NUMBER | |
| Classification number | 658.72 |
| Item number | B355l |
| año de publicación | 2004 |
| 100 ## - MAIN ENTRY--PERSONAL NAME | |
| Personal name | Ballou, Ronald H. |
| Relator code | aut. |
| 245 #0 - TITLE STATEMENT | |
| Title | Logistica: administracion de la cadena de suministro/ |
| Remainder of title | Ronald H. Ballou |
| 250 ## - EDITION STATEMENT | |
| Edition statement | 5° ed. |
| 260 ## - PUBLICATION, DISTRIBUTION, ETC. (IMPRINT) | |
| Place of publication, distribution, etc | Mexico: |
| Name of publisher, distributor, etc | Pearson, |
| Date of publication, distribution, etc | 2004 |
| 300 ## - PHYSICAL DESCRIPTION | |
| Extent | 789 p.; |
| Dimensions | 24 cm. |
| 505 ## - FORMATTED CONTENTS NOTE | |
| Formatted contents note | Parte I. Introducción y planeación<br/>1. Logística de los negocios y la cadena de suministros: Un tema vital<br/>2. Estrategia y planeación de la logística y de la cadena de suministros<br/>Parte II. Objetivos del servicio al cliente<br/>3. El producto de la logística y de la cadena de suministros<br/>4. El servicio al cliente en la logística y la cadena de suministros<br/>5. Procesamiento de pedidos y sistemas de información<br/>Parte III. Estrategia del transporte<br/>6. Fundamentos del transporte<br/>7. Decisiones sobre el transporte<br/>Parte IV. Estrategia de inventario <br/>8. Pronostico de los requerimientos de la cadena de suministros<br/>9. Decisiones sobre políticas de inventarios<br/>10. Decisiones de programación de compras y suministros<br/>11. Sistema de almacenamiento y manejo<br/>12. Decisiones sobre almacenamiento y manejo <br/>Parte V. Estrategia de ubicación<br/>13. Decisiones sobre la ubicación de instalaciones<br/>14. Proceso de planeación de la red<br/>Parte VI. Organización y control<br/>15. Organización de la logística y de la cadena de suministros<br/>16. Control de la logística y de la cadena de suministros |
| 650 ## - SUBJECT ADDED ENTRY--TOPICAL TERM | |
| Source of heading or term | LEMB |
| Topical term or geographic name as entry element | Suministro |
| General subdivision | Administración |
| 700 ## - ADDED ENTRY--PERSONAL NAME | |
| Personal name | Carlos Mendoza Barraza |
| Relator code | tr. |
| 942 ## - ADDED ENTRY ELEMENTS (KOHA) | |
| Koha item type | Libros |
| Source of classification or shelving scheme | Dewey Decimal Classification |
| Withdrawn status | Lost status | Source of classification or shelving scheme | Damaged status | Not for loan | Collection code | Home library | Current library | Date acquired | Total Checkouts | Full call number | Barcode | Date last seen | Copy number | Price effective from | Koha item type |
|---|---|---|---|---|---|---|---|---|---|---|---|---|---|---|---|
| Dewey Decimal Classification | Colección General | Biblioteca UPAN San Vicente | Biblioteca UPAN San Vicente | 03/09/2023 | 658.72 B355l | 12003263 | 03/09/2023 | 01 | 03/09/2023 | Libros | |||||
| Dewey Decimal Classification | Colección General | Biblioteca UPAN San Vicente | Biblioteca UPAN San Vicente | 03/09/2023 | 658.72 B355l | 12003262 | 06/09/2023 | 02 | 03/09/2023 | Libros | |||||
| Dewey Decimal Classification | Colección General | Biblioteca UPAN San Vicente | Biblioteca UPAN San Vicente | 03/09/2023 | 658.72 B355l | 12003261 | 06/09/2023 | 03 | 03/09/2023 | Libros |